| 000 | 00838nam a2200241 a 4500 | ||
|---|---|---|---|
| 999 |
_c12187 _d12187 |
||
| 001 | 12187 | ||
| 003 | BD-JhCC | ||
| 005 | 20220811134024.0 | ||
| 008 | 210323s20092020bg a|||| ||a| 000 0 ben d | ||
| 020 | _a9847005001295 | ||
| 035 | _a(BD-JhCC)12187 | ||
| 040 |
_aBD-JhCC _dBD-JhCC |
||
| 041 | _aben | ||
| 082 |
_a923.1 _bCHO 2020 |
||
| 100 | _aচৌধুরী, কবীর | ||
| 245 |
_aবঙ্গবন্ধু শেখ মুজিব বাঙ্গালী জাতীয়তাবাদ / _cকবীর চৌধরী । |
||
| 260 |
_aঢাকা : _bমিজান পাবলিশার্স, _c২০২০. |
||
| 300 |
_a৯৫ পৃ. : _c২০ সেমি. _bচিত্রবলী, |
||
| 600 | _aRahaman, shekh Mojibur | ||
| 650 | _aBiography | ||
| 942 |
_2ddc _cBK _02 |
||